Blue whales / (Record no. 6852)

MARC details
000 -LEADER
fixed length control field 01219cam a2200349 a 4500
001 - CONTROL NUMBER
control field 6852
003 - CONTROL NUMBER IDENTIFIER
control field FISKH
005 - DATE AND TIME OF LATEST TRANSACTION
control field 20250819105113.0
008 - FIXED-LENGTH DATA ELEMENTS--GENERAL INFORMATION
fixed length control field 130325s2014 nyuab j b 001 0 eng c
010 ## - LIBRARY OF CONGRESS CONTROL NUMBER
LC control number 2013000086
020 ## - INTERNATIONAL STANDARD BOOK NUMBER
International Standard Book Number 9780531233559 (library binding)
020 ## - INTERNATIONAL STANDARD BOOK NUMBER
International Standard Book Number 0531233553 (library binding)
020 ## - INTERNATIONAL STANDARD BOOK NUMBER
International Standard Book Number 9780531251539 (pbk.)
020 ## - INTERNATIONAL STANDARD BOOK NUMBER
International Standard Book Number 0531251535 (pbk.)
040 ## - CATALOGING SOURCE
Original cataloging agency NJQ/DLC
Transcribing agency NJQ
Language of cataloging eng
050 ## - LIBRARY OF CONGRESS CALL NUMBER
Classification number QL737.C424 B56
082 ## - DEWEY DECIMAL CLASSIFICATION NUMBER
Classification number 599.5
100 1# - MAIN ENTRY--PERSONAL NAME
Personal name Bjorklund, Ruth.
245 10 - TITLE STATEMENT
Title Blue whales /
Statement of responsibility, etc. by Ruth Bjorklund.
260 ## - PUBLICATION, DISTRIBUTION, ETC.
Place of publication, distribution, etc. New York :
Name of publisher, distributor, etc. Scholastic,
Date of publication, distribution, etc. 2014.
300 ## - PHYSICAL DESCRIPTION
Extent 48 pages :
Other physical details color illustrations ; color maps ;
Dimensions 22 cm
490 1# - SERIES STATEMENT
Series statement Nature's children
504 ## - BIBLIOGRAPHY, ETC. NOTE
Bibliography, etc. note Includes bibliographical references and index.
505 0# - FORMATTED CONTENTS NOTE
Formatted contents note Mysterious and mighty -- Creatures of the deep -- Life at sea -- A whale's tale -- Blue whales today and tomorrow.
520 ## - SUMMARY, ETC.
Summary, etc. "This book details the life and habits of blue whales."--
Assigning source Provided by publisher.
521 1# - TARGET AUDIENCE NOTE
Target audience note 9-12.
650 #0 - SUBJECT ADDED ENTRY--TOPICAL TERM
Topical term or geographic name entry element Blue whale
Form subdivision Juvenile literature.
650 #0 - SUBJECT ADDED ENTRY--TOPICAL TERM
Topical term or geographic name entry element Blue whale
General subdivision Conservation
Form subdivision Juvenile literature.
906 ## - LOCAL DATA ELEMENT F, LDF (RLIN)
a 7
b cbc
c orignew
d 1
e ecip
f 20
g y-gencatlg
942 ## - ADDED ENTRY ELEMENTS (KOHA)
Source of classification or shelving scheme Dewey Decimal Classification
Koha item type Books
Suppress in OPAC No
Holdings
Withdrawn status Lost status Source of classification or shelving scheme Damaged status Not for loan Collection Home library Current library Shelving location Date acquired Total Checkouts Full call number Barcode Date last seen Date last checked out Copy number Price effective from Koha item type
    Dewey Decimal Classification     Non-Fiction Footprints International School Library Network Toul Kork Campus Footprints International School Library Network Toul Kork Campus A TK Campus, 4th Floor, Room B401, Non-Fiction Bookcases(7-8) 06/03/2025 1 BJO 599.5 QL737.C424 B56 FISBK05948 02/04/2026 01/15/2026 1 06/03/2025 Books
    Dewey Decimal Classification     Non-Fiction Footprints International School Library Network Toul Tom Poung Campus Footprints International School Library Network Toul Tom Poung Campus TTP Secondary Non-Fiction Bookshelves 07/23/2025   BJO 599.5 QL737.C424 B56 FISO5311 07/23/2025   2 07/23/2025 Books
    Dewey Decimal Classification     Non-Fiction Footprints International School Library Network Toul Tom Poung Campus Footprints International School Library Network Toul Tom Poung Campus TTP Secondary Non-Fiction Bookshelves 08/19/2025   BJO 599.5 QL737.C424 B56 FISTK01676 08/19/2025   3 08/19/2025 Books